[Event "Olympiad Women-41"]
[Site "Tromsoe"]
[Date "2014.08.08"]
[Round "6.2"]
[White "Amura, Claudia Noemi"]
[Black "Mbatha, Constance Chileshe"]
[Result "1-0"]
[WhiteElo "2282"]
[BlackElo "1677"]
[PlyCount "63"]
[EventDate "2014.08.02"]
[EventType "team-swiss"]
[EventRounds "11"]
[EventCountry "NOR"]
[SourceTitle "CBM 162"]
[Source "ChessBase"]
[SourceDate "2014.09.17"]
[SourceVersion "1"]
[SourceVersionDate "2014.09.17"]
[SourceQuality "1"]
[WhiteTeam "Argentina (W)"]
[BlackTeam "Zambia (W)"]
[WhiteTeamCountry "ARG"]
[BlackTeamCountry "ZAM"]

1. d4 e6 2. c4 d5 3. Nc3 Nf6 4. cxd5 exd5 5. Bg5 Be7 6. e3 0-0 7. Bd3 h6 8. Bh4 Be6 9. Nge2 Nbd7 10. Rc1 Rc8 11. 0-0 c5 12. Bb1 g6 13. Nf4 Qe8 14. Bxf6 Nxf6 15. Bxg6 fxg6 16. Nxe6 Rf7 17. Nf4 Qd7 18. dxc5 Rxc5 19. Nd3 d4 20. Nxc5 Bxc5 21. Ne2 d3 22. Rxc5 dxe2 23. Qxe2 b6 24. Rc2 Qf5 25. Rfc1 Ne4 26. Rc8+ Kg7 27. R8c7 Nc5 28. Rxf7+ Qxf7 29. b4 Ne4 30. Qb2+ Kh7 31. Rc8 Nf6 32. Qe5 1-0

[Event "Olympiad Women-41"]
[Site "Tromsoe"]
[Date "2014.08.02"]
[Round "1.2"]
[White "Mbatha, Constance Chileshe"]
[Black "Heinatz, Gundula"]
[Result "0-1"]
[WhiteElo "1677"]
[BlackElo "2169"]
[PlyCount "68"]
[EventDate "2014.08.02"]
[EventType "team-swiss"]
[EventRounds "11"]
[EventCountry "NOR"]
[SourceTitle "CBM 162"]
[Source "ChessBase"]
[SourceDate "2014.09.17"]
[SourceVersion "1"]
[SourceVersionDate "2014.09.17"]
[SourceQuality "1"]
[WhiteTeam "Zambia (W)"]
[BlackTeam "Switzerland (W)"]
[WhiteTeamCountry "ZAM"]
[BlackTeamCountry "SUI"]

1. d4 Nf6 2. c4 e6 3. Nc3 Bb4 4. Bd2 0-0 5. e3 d5 6. Nf3 b6 7. Rc1 Bb7 8. cxd5 exd5 9. Bd3 Nbd7 10. 0-0 Re8 11. a3 Bxc3 12. Bxc3 Ne4 13. Bb1 Rc8 14. Nd2 Ndf6 15. f3 Nxc3 16. Rxc3 c5 17. dxc5 bxc5 18. Re1 d4 19. exd4 Qxd4+ 20. Kh1 Rxe1+ 21. Qxe1 Re8 22. Ne4 Bxe4 23. fxe4 Nxe4 24. Bxe4 Rxe4 25. Qg1 g6 26. h3 Re5 27. Qc1 Kg7 28. Rc4 Qf2 29. Qc3 f6 30. Kh2 Re3 31. Qc1 Qg3+ 32. Kh1 Re1+ 33. Qxe1 Qxe1+ 34. Kh2 Qe5+ 0-1

[Event "Olympiad Women-40"]
[Site "Istanbul"]
[Date "2012.09.04"]
[Round "7.3"]
[White "Mbatha, Constance Chileshe"]
[Black "Fairley, Natasha"]
[Result "0-1"]
[WhiteElo "1746"]
[BlackElo "1788"]
[PlyCount "76"]
[EventDate "2012.08.28"]
[EventType "team-swiss"]
[EventRounds "11"]
[EventCountry "TUR"]
[SourceTitle "CBM 150 Extra"]
[Source "ChessBase"]
[SourceDate "2012.10.19"]
[SourceVersion "1"]
[SourceVersionDate "2012.10.19"]
[SourceQuality "1"]
[WhiteTeam "Zambia (W)"]
[BlackTeam "New Zealand (W)"]
[WhiteTeamCountry "ZAM"]
[BlackTeamCountry "NZL"]

1. e4 e5 2. Nf3 Nc6 3. Be2 Nf6 4. d3 h6 5. Nc3 d6 6. h3 Be6 7. Be3 Ne7 8. Qd2 c6 9. d4 Qc7 10. a3 a6 11. b4 Ng6 12. 0-0 Be7 13. Nh2 Rc8 14. Bd3 Nh5 15. d5 Bd7 16. Ne2 Nf6 17. c4 c5 18. Rfc1 b6 19. f3 Nh7 20. f4 exf4 21. Nxf4 Ne5 22. Be2 Nf6 23. Qc2 0-0 24. Nf3 Nh7 25. Nxe5 dxe5 26. Nd3 Bg5 27. Bxg5 Nxg5 28. Nf2 f5 29. Bd3 f4 30. Rf1 f3 31. Ng4 Bxg4 32. hxg4 Qd7 33. gxf3 Nxf3+ 34. Rxf3 Rxf3 35. Bf1 Qxg4+ 36. Bg2 Rcf8 37. Re1 Qg3 38. Qd1 Rf2 0-1